书目信息 |
| 题名: |
公私合作制(PPP)的理论与实践
|
|
| 作者: | 王增忠 主编 | |
| 分册: | ||
| 出版信息: | 上海 同济大学出版社 2015.12 |
|
| 页数: | 351页 | |
| 开本: | 23cm | |
| 丛书名: | ||
| 单 册: | ||
| 中图分类: | F830.592 | |
| 科图分类: | ||
| 主题词: | 政府投资--zheng fu tou zi--合作--社会资本--研究 | |
| 电子资源: | ||
| ISBN: | 978-7-5608-6072-5 | |
| 000 | 01204nam0 2200277 450 | |
| 001 | CA2016000906 | |
| 005 | 20201117150310.24 | |
| 010 | @a978-7-5608-6072-5@dCNY45.00 | |
| 100 | @a20160311d2015 em y0chiy50 ea | |
| 101 | 0 | @achi |
| 102 | @aCN@b310000 | |
| 105 | @aabk a 000yy | |
| 106 | @ar | |
| 200 | 1 | @a公私合作制(PPP)的理论与实践@Agong si he zuo zhi(PPP)de li lun yu shi jian@d= Public-private partnerships (PPP) theory and practice@f王增忠主编@Fwang zeng zhong zhu bian@zeng |
| 210 | @a上海@c同济大学出版社@d2015.12 | |
| 215 | @a351页@c图, 地图@d23cm | |
| 320 | @a有书目 (第349-351页) | |
| 330 | @a本书主要内容: 研究PPP的理论基础, 从PPP的经济机理入手, 探索我国PPP的发展方向, 厘清PPP的类型与特点, 分析PPP的应用条件 ; 分析PPP项目的风险来源、特点及风险管理策略, 提出风险分担的原则和方法 ; 剖析国内外的PPP案例, 分析总结成功或不成功的经验教训。 | |
| 510 | 1 | @aPublic-private partnerships (PPP) theory and practice@zeng |
| 540 | @a公私合作制 (PPP) 的理论与实践 | |
| 606 | 0 | @a政府投资@Azheng fu tou zi@x合作@x社会资本@x研究 |
| 690 | @aF830.592@v5 | |
| 701 | 0 | @a王增忠@Awang zeng zhong@4主编 |
| 801 | @aCN | |
| 901 | @a20 | |
| 905 | @a河南城建学院图书馆@b1293171-3@dF830.592@eW459@f3 | |
| 公私合作制(PPP)的理论与实践= Public-private partnerships (PPP) theory and practice/王增忠主编.-上海:同济大学出版社,2015.12 |
| 351页:图, 地图;23cm |
| ISBN 978-7-5608-6072-5:CNY45.00 |
| 本书主要内容: 研究PPP的理论基础, 从PPP的经济机理入手, 探索我国PPP的发展方向, 厘清PPP的类型与特点, 分析PPP的应用条件 ; 分析PPP项目的风险来源、特点及风险管理策略, 提出风险分担的原则和方法 ; 剖析国内外的PPP案例, 分析总结成功或不成功的经验教训。 |
| ● |
| 相关链接 |
|
|
|
正题名:公私合作制(PPP)的理论与实践
索取号:F830.592/W459
 
预约/预借
| 序号 | 登录号 | 条形码 | 馆藏地/架位号 | 状态 | 备注 |
| 1 | 1293171 | 212931710 | 社科库409/409社科库 52排2列5层/ [索取号:F830.592/W459] | 在馆 | |
| 2 | 1293172 | 212931727 | 社科库409/409社科库 52排2列5层/ [索取号:F830.592/W459] | 在馆 | |
| 3 | 1293173 | 212931734 | 社科二线422/409社科库 51排3列2层/ [索取号:F830.592/W459] | 在馆 |